000 00628cam a2200217 a 4500
001 1843877
005 20180220072249.0
008 820115s1982 mau b 001 0 eng
010 _a 81023679
020 _a0262021757
040 _aDLC
_cDLC
_dDLC
_dOCoLC
_dDLC
041 _aeng
080 _a330.155 abr
082 0 0 _a330.155 abr
_219
100 1 _a52
101 _aeco
245 1 0 _aWelfare, planning, and employment :
_cAbram Bergson.
504 _aIncludes bibliographical references and index.
906 _a7
_bcbc
_corignew
_d1
_eocip
_f19
_gy-gencatlg
942 _2ddc
_cBK
999 _c42918
_d42918